Statistics for Musical Acts by Letter - F (Part 2)

Click here to take the quiz!

General Stats

  • This quiz has been taken 90 times
    (89 since last reset)
  • The average score is 4 of 13

Answer Stats

Years ActiveCountrySongsAnswer% Correct
2009-Pumped Up Kids | Don't Stop (Color the Walls)Foster the People
63%
1980-1987; 2004-2007Relax | The Power of LoveFrankie Goes to Hollywood
52%
2007-Dog Days Are Over | Shake It OutFlorence and the Machine
49%
1968-1973All Right Now | My Brother JakeFree
45%
1984-1992Johnny Come Home | She Drives Me CrazyFine Young Cannibals
41%
2005-Chelsea Dagger | Whistle for the ChoirThe Fratellis
34%
2005-Lost | ChanelFrank Ocean
19%
1962-1993Montana | Watermelon in Easter HayFrank Zappa
14%
1979-Easy | Falling to PiecesFaith No More
12%
1958-1997Zombie | LadyFela Kuti
10%
1922-1943Ain't Misbehavin' | Honeysuckle RoseFats Waller
8%
1824-1847Songs Without Words | Italian SymphonyFelix Mendelssohn
6%
1989-Replica | CarsFear Factory
5%

Score Distribution

Percentile by Number Answered

Percent of People with Each Score

Your Score History

You have not taken this quiz since the last reset